[Event "AUTO-BEG-393"]
[Site "http://www.queenalice.com/game.php?id=771506"]
[Date "2010.5.6"]
[Round "1"]
[White "saida"]
[Black "PurpleVibe"]
[Result "0-1"]
[WhiteElo "1067"]
[BlackElo "1270"]

1. d4 d5 2. c4 dxc4 3. e4 b5 4. Nc3 a6 5. Nf3 Bg4 6. Be2 Bxf3 7. Bxf3 e6 8. e5
Bb4 9. Bxa8 Bxc3+ 10. bxc3 c6 11. Qg4 g6 12. Qf3 Qb6 13. Be3 Ne7 14. Qf6 Rg8 15.
Bg5 Qc7 16. O-O Nd7 17. Bxc6 Nxc6 18. d5 Nxf6 19. dxc6 Ne4 20. Be3 Qxc6 21. Rac1
Qc7 22. f3 Nc5 23. Bd4 Nd3 24. Rc2 Ke7 25. Rd2 a5 26. Rb1 Nxe5 27. Bxe5 Qxe5 28.
Kf1 Rd8 29. Rxd8 Kxd8 30. Rd1+ Ke7 31. Re1 Qxc3 0-1

[Event "AUTO-BEG-393"]
[Site "http://www.queenalice.com/game.php?id=771507"]
[Date "2010.5.6"]
[Round "1"]
[White "PurpleVibe"]
[Black "saida"]
[Result "0-1"]
[WhiteElo "1261"]
[BlackElo "1052"]

1. e4 c6 2. c4 d5 3. Nc3 dxe4 4. Nxe4 Bf5 5. Nc5 Qc7 6. Bd3 e6 7. Bxf5 Bxc5 8.
Bd3 Qf4 9. Qf3 Qe5+ 10. Ne2 Nf6 11. O-O O-O 12. Re1 Nbd7 13. Qf4 b6 14. Qxe5
Nxe5 15. Nf4 Nxd3 16. Nxd3 Bd4 17. Nb4 c5 18. Nc6 Rfe8 19. Nxd4 cxd4 20. d3 Nd7
21. Bf4 Nc5 22. Be5 Nxd3 23. Re2 Rad8 24. b3 f6 25. Rd1 fxe5 26. Rxd3 Rf8 27.
Rxe5 Rfe8 28. b4 Kf7 29. Rf3+ Kg6 30. g4 Rf8 31. Rxe6+ Rf6 32. Rexf6+ gxf6 33.
h4 d3 34. Kf1 d2 35. h5+ Kh6 36. Rxf6+ Kg7 37. h6+ Kxf6 0-1

[Event "AUTO-BEG-393"]
[Site "http://www.queenalice.com/game.php?id=771512"]
[Date "2010.5.6"]
[Round "1"]
[White "Himotross"]
[Black "PurpleVibe"]
[Result "1-0"]
[WhiteElo "1546"]
[BlackElo "1230"]

1. d4 d5 2. c4 Be6 3. cxd5 Bxd5 4. Nc3 Nc6 5. e4 Bxa2 6. Rxa2 Nxd4 7. Nf3 Nxf3+
8. Qxf3 e5 9. Bc4 f6 10. O-O Qd4 11. Be6 Ne7 12. Rd1 Qb6 13. Nd5 Nxd5 14. exd5
Qd6 15. Be3 c6 16. b3 cxd5 17. Bxd5 Ke7 18. Rc2 e4 19. Qxe4+ Qe5 20. Qb4+ 1-0

[Event "AUTO-BEG-393"]
[Site "http://www.queenalice.com/game.php?id=771513"]
[Date "2010.5.6"]
[Round "1"]
[White "PurpleVibe"]
[Black "Himotross"]
[Result "0-1"]
[WhiteElo "1259"]
[BlackElo "1541"]

1. e4 c5 2. c4 e6 3. Nc3 Nc6 4. b3 Nf6 5. Nb5 a6 6. Nc3 d5 7. cxd5 exd5 8. d3
dxe4 9. Bg5 exd3 10. Bxd3 Be7 11. Bxf6 Bxf6 12. Nge2 O-O 13. O-O Re8 14. Rc1 b6
15. Re1 Nd4 16. Nxd4 Bxd4 17. Rxe8+ Qxe8 18. Ne4 Bb7 19. Nd6 Qc6 20. Nxb7 Qxb7
21. Qg4 Re8 0-1

[Event "AUTO-INT-1693"]
[Site "http://www.queenalice.com/game.php?id=772678"]
[Date "2010.5.8"]
[Round "1"]
[White "Kuroi"]
[Black "PurpleVibe"]
[Result "1-0"]
[WhiteElo "1618"]
[BlackElo "1261"]

1. e4 e5 2. Nf3 Nf6 3. Bc4 d6 4. Ng5 d5 5. exd5 Nxd5 6. Qh5 g6 7. Nxf7 Kxf7 8.
Qxe5 c6 9. Qxh8 Qe7+ 10. Be2 Qf6 11. Qxh7+ 1-0

[Event "AUTO-BEG-394"]
[Site "http://www.queenalice.com/game.php?id=773507"]
[Date "2010.5.10"]
[Round "1"]
[White "PurpleVibe"]
[Black "tsvetavea"]
[Result "1-0"]
[WhiteElo "1257"]
[BlackElo "1185"]

1. e4 e6 2. e5 d5 3. d4 a6 4. Nf3 h6 5. Be3 c5 6. dxc5 Nc6 7. Bd3 Qa5+ 8. Nc3
Bxc5 9. Qd2 Bxe3 10. Qxe3 Nb4 11. Nd4 Nxd3+ 12. Qxd3 b5 13. a3 Bb7 14. b4 Qd8
15. O-O Ne7 16. Rfe1 O-O 17. h3 Ng6 18. Nce2 Nxe5 19. Qg3 1-0

[Event "AUTO-BEG-394"]
[Site "http://www.queenalice.com/game.php?id=773508"]
[Date "2010.5.10"]
[Round "1"]
[White "tsvetavea"]
[Black "PurpleVibe"]
[Result "0-1"]
[WhiteElo "1300"]
[BlackElo "1239"]

1. Nf3 Nf6 2. c4 c5 3. Nc3 e6 4. e4 a6 5. d3 Be7 6. Bg5 Ng4 7. Bxe7 Qxe7 8. Be2
Nc6 9. a3 O-O 10. h3 Nge5 11. O-O Nxf3+ 12. Bxf3 Nd4 13. Nb1 e5 14. Be2 d6 15.
Nd2 Qg5 16. Bg4 Bxg4 17. hxg4 b6 18. Nf3 Nxf3+ 19. Qxf3 f6 0-1